<?xml version="1.0" encoding="UTF-8"?>
<record
    xmlns:xsi="http://www.w3.org/2001/XMLSchema-instance"
    xsi:schemaLocation="http://www.loc.gov/MARC21/slim http://www.loc.gov/standards/marcxml/schema/MARC21slim.xsd"
    xmlns="http://www.loc.gov/MARC21/slim">

  <leader>00479nam a22001697a 4500</leader>
  <controlfield tag="003">OSt</controlfield>
  <controlfield tag="005">20130523192613.0</controlfield>
  <controlfield tag="008">130409s2013    sp ||||| |||| 00| 0 spa d</controlfield>
  <datafield tag="020" ind1=" " ind2=" ">
    <subfield code="a">9788483197998</subfield>
  </datafield>
  <datafield tag="040" ind1=" " ind2=" ">
    <subfield code="c">CDMR</subfield>
  </datafield>
  <datafield tag="100" ind1="1" ind2=" ">
    <subfield code="9">2864</subfield>
    <subfield code="a">Izquierdo, Jos&#xE9; Maria</subfield>
  </datafield>
  <datafield tag="245" ind1="1" ind2="2">
    <subfield code="a">&#xBF; Para qu&#xE9; servimos los periodistas ? (hoy)</subfield>
    <subfield code="c">Jos&#xE9; Mar&#xED;a Izquierdo</subfield>
  </datafield>
  <datafield tag="260" ind1=" " ind2=" ">
    <subfield code="a">Madrid</subfield>
    <subfield code="b">Catarata</subfield>
    <subfield code="c">2013</subfield>
  </datafield>
  <datafield tag="300" ind1=" " ind2=" ">
    <subfield code="a">126 p.</subfield>
  </datafield>
  <datafield tag="650" ind1="0" ind2="4">
    <subfield code="9">2030</subfield>
    <subfield code="a">Periodisme</subfield>
    <subfield code="x">Orientaci&#xF3; professional</subfield>
  </datafield>
  <datafield tag="942" ind1=" " ind2=" ">
    <subfield code="2">udc</subfield>
    <subfield code="c">MON</subfield>
  </datafield>
  <datafield tag="999" ind1=" " ind2=" ">
    <subfield code="c">6052</subfield>
    <subfield code="d">6052</subfield>
  </datafield>
  <datafield tag="952" ind1=" " ind2=" ">
    <subfield code="0">0</subfield>
    <subfield code="1">0</subfield>
    <subfield code="2">udc</subfield>
    <subfield code="4">0</subfield>
    <subfield code="7">0</subfield>
    <subfield code="a">CDMR</subfield>
    <subfield code="b">CDMR</subfield>
    <subfield code="d">2013-04-09</subfield>
    <subfield code="e">Intercanvi</subfield>
    <subfield code="l">1</subfield>
    <subfield code="o">Ca 2</subfield>
    <subfield code="p">CDMR13046155</subfield>
    <subfield code="r">2019-08-28</subfield>
    <subfield code="s">2019-07-10</subfield>
    <subfield code="w">2013-04-09</subfield>
    <subfield code="y">MON</subfield>
  </datafield>
</record>
